Voitures au nom géographique - Statistiques

Statistiques générales
  • Ce quiz a été pris 150 fois
  • Le résultat moyen est 9 sur 21
Statistiques - réponses
Model Make % Correct
Cayenne Porsche
91%
Ibiza Seat
91%
Sierra Ford
71%
California Ferrari
70%
Rio KIA
63%
Santa Fe Hyundai
62%
Tacoma Toyota
58%
Tahoe Chevrolet
50%
Murano Nissan
45%
California Volkswagen
45%
Durango Dodge
43%
Ascona Opel
43%
Mulsanne Bentley
36%
Seville Cadillac
30%
Montreal Alfa Romeo
29%
Sebring Chrysler
27%
Montecarlo Lancia
24%
Yukon GMC
22%
Tribeca Subaru
19%
Lucerne Buick
11%
Versailles Lincoln
7%
Aucun quiz correspondant
Distribution des résultats
% des personnes avec chaque résultat
Percentile par nombre de réponses
Votre historique - résultats
Vous n’avez pas pris ce quiz